| 000 | 00754cab a2200205 4500 | ||
|---|---|---|---|
| 001 | ABS40397 | ||
| 008 | 090401t1989 xxu||||| |||| 00| 0 eng d | ||
| 035 | _a(Sirsi) u23538 | ||
| 041 | _aeng | ||
| 100 | _aBoleat, M. | ||
| 245 | 2 | _aA better deal for housebuyers | |
| 260 | _c1989 | ||
| 350 | _a0 | ||
| 490 |
_aNew Law Journal _v139(6393) 3 February 1989, 142(1) |
||
| 520 | _aDiscusses the green paper proposals relating to conveyancing reform , which if implemented, will allow banks and building societies to compete with solicitors for business. As a result potential purchasers will be offered a one stop housebuying service. | ||
| 650 | _aCONFLICTS OF INTEREST | ||
| 690 | _aPROPERTY LAW AND PRACTICE | ||
| 942 | _n0 | ||
| 948 | _c04/03/1997 | ||
| 999 |
_c15733 _d15733 |
||